000 00367nam a2200133Ia 4500
008 230312s9999||||xx |||||||||||||| ||und||
082 _a891.4
_bNAE-K
100 _aسید محمد نعیم الدین
245 0 _aکنزُالایمان فی تر جمتہ القرآن
260 _bدارالقرآن
_apak
300 _a1132
650 _aLiterature
942 _cBK
999 _c14564
_d14564